Los retos de la gobernanza minero-energética / (Registro nro. 7258)
[ vista simple ]
| 000 -LEADER | |
|---|---|
| fixed length control field | 01960nam a22002777a 4500 |
| 003 - CONTROL NUMBER IDENTIFIER | |
| control field | OSt |
| 005 - DATE AND TIME OF LATEST TRANSACTION | |
| control field | 20210219160759.0 |
| 008 - FIXED-LENGTH DATA ELEMENTS--GENERAL INFORMATION | |
| fixed length control field | 210219s2013 ck ||||fr|||| 00| 0 spa d |
| 020 ## - INTERNATIONAL STANDARD BOOK NUMBER | |
| International Standard Book Number | 9789587109153 |
| 040 ## - CATALOGING SOURCE | |
| Original cataloging agency | CO-JMCR |
| Transcribing agency | CO-JMCR |
| 041 0# - LANGUAGE CODE | |
| Language code of text/sound track or separate title | spa |
| 082 04 - DEWEY DECIMAL CLASSIFICATION NUMBER | |
| Classification number | 333.7932 / |
| Item number | G643r |
| Edition number | 23 |
| 100 1# - MAIN ENTRY--PERSONAL NAME | |
| Personal name | González Espinosa, Ana Carolina, |
| Relator term | coordinadora |
| 9 (RLIN) | 13713 |
| 245 14 - TITLE STATEMENT | |
| Title | Los retos de la gobernanza minero-energética / |
| Statement of responsibility, etc. | Ana Carolina González Espinosa, coordinadora |
| 250 ## - EDITION STATEMENT | |
| Edition statement | Primera edición |
| 260 ## - PUBLICATION, DISTRIBUTION, ETC. | |
| Place of publication, distribution, etc. | Bogotá : |
| Name of publisher, distributor, etc. | Universidad Externado de Colombia, |
| Date of publication, distribution, etc. | 2013 |
| 300 ## - PHYSICAL DESCRIPTION | |
| Extent | 268 páginas ; |
| Dimensions | 21 cm. |
| 490 0# - SERIES STATEMENT | |
| Series statement | Pretextos ; |
| Volume/sequential designation | No. 43 |
| 500 ## - GENERAL NOTE | |
| General note | Incluye notas a pie de página. |
| 504 ## - BIBLIOGRAPHY, ETC. NOTE | |
| Bibliography, etc. note | Bibliografía al final de cada capítulo. |
| 505 0# - FORMATTED CONTENTS NOTE | |
| Formatted contents note | Sociedad civil y acción colectiva frente a la extracción de recursos naturales -- La incidencia de actores armados en la industria extractiva |
| 520 3# - SUMMARY, ETC. | |
| Summary, etc. | Con el ánimo de nutrir el debate sobre la "locomotora minero-energética" en el país, se presenta esta aproximación interdisciplinaria que, centrada en actores no estatales, pretende aportar a la reflexión sobre los numerosos dilemas que plantea la explotación de recursos naturales. Esta publicación es el resultado del trabajo de estudiosos quienes desde el Centro de Investigaciones y Proyectos Especiales (CIPE) de la Facultad de Finanzas, Gobierno y Relaciones Internacionales de la Universidad Externado y de otras Universidades en Europa y Canadá analizan los discursos y prácticas que se construyen desde la sociedad civil frente a la minería y el petróleo,Luego dadas las particularidades del caso colombiano, los autores examinan las respuestas de los grupos armados ilegales y de quienes buscan combatirlos o los resisten. |
| 650 14 - SUBJECT ADDED ENTRY--TOPICAL TERM | |
| Topical term or geographic name entry element | Recursos energéticos |
| General subdivision | aspectos socioeconómicos |
| Geographic subdivision | América Latina |
| 9 (RLIN) | 13714 |
| 650 24 - SUBJECT ADDED ENTRY--TOPICAL TERM | |
| Topical term or geographic name entry element | Industria minera |
| General subdivision | aspectos socioeconómicos |
| Geographic subdivision | América Latina |
| 9 (RLIN) | 13715 |
| 942 ## - ADDED ENTRY ELEMENTS (KOHA) | |
| Source of classification or shelving scheme | Dewey Decimal Classification |
| Koha item type | Books |
| Withdrawn status | Lost status | Source of classification or shelving scheme | Damaged status | Not for loan | Collection code | Home library | Current library | Date acquired | Source of acquisition | Total Checkouts | Full call number | Barcode | Date last seen | Copy number | Price effective from | Koha item type |
|---|---|---|---|---|---|---|---|---|---|---|---|---|---|---|---|---|
| Dewey Decimal Classification | Non-fiction | Biblioteca Pública José María del Castillo y Rada | Biblioteca Pública José María del Castillo y Rada | 10/02/2020 | Donación | 333.7932 / G643r | 201810353 | 05/16/2024 | Ej.1 | 02/19/2021 | Books |